[Event "Lindores Abbey Rapid Challenge"]
[Site "Online"]
[Date "2020.05.19"]
[Round "2"]
[White "So, Wesley"]
[Black "Wei, Yi"]
[Result "1-0"]
[WhiteElo "2741"]
[BlackElo "2752"]
[Annotator "TA"]
[PlyCount "77"]
[EventDate "2020.05.19"]
[EventType "tourn"]
[SourceTitle "playchess.com"]
[Source "ChessBase"]
[SourceQuality "1"]

{[%evp 11,77,19,22,18,23,16,20,10,24,6,35,8,19,-27,19,0,0,0,0,-43,-22,-37,0,0,26,4,164,143,180,175,159,154,177,133,150,119,206,221,225,141,541,498,549,543,539,533,465,208,172,0,885,852,939,932,940,924,903,0,937,924,942,880,918,904,904,871,777,584]} 1. e4 e5 2. Nf3 Nc6 3. Bc4 Bc5 4. O-O Nf6 5. d3 d6 6. c3 a6 7. Re1 {C54: Giuoco Piano: 4 c3 Nf6, main lines with 5 d4 and 5 d3.} h6 8. a4 O-O 9. Nbd2 {The position is equal.} Ne7 10. Nf1 c6 11. Bb3 Ng6 12. Ng3 Bb6 {[#]} 13. d4 $146 ({Predecessor:} 13. h3 d5 14. exd5 Nxd5 15. d4 exd4 16. Nxd4 Be6 17. Bc2 Bxd4 18. Qxd4 Ndf4 19. Re4 Qxd4 20. cxd4 Nxg2 21. Kxg2 {1-0 (31) Grandelius,N (2694)-Erdos,V (2612) Skopje 2019}) 13... exd4 14. cxd4 Bg4 15. h3 Bxf3 $1 16. gxf3 d5 17. e5 $1 Nh7 18. f4 Qh4 $2 (18... Nh4 $11 {and Black stays safe.}) 19. Nf5 $1 $18 {[%cal Rf5h4]} Qxh3 {And now ...Ba5 would win.} 20. Bc2 Nh4 21. Nxh4 Qxh4 22. Ra3 f5 23. Kg2 Rae8 (23... Qe7 $16 {was worth a try.}) 24. Rb3 Qd8 25. Qh5 Nf6 $2 {[%mdl 8192]} (25... Ba5 $16) 26. Qxf5 Ne4 27. Qg6 Bxd4 {Black wants to play ...Rxe5!} 28. Rxe4 dxe4 29. Rg3 (29. Bxe4 $142 Qd7 30. Qh7+ Kf7 31. Bg6+ {[%mdl 64] Skewer} (31. Rg3 Rg8 $18) 31... Ke6 32. Bxe8 Rxe8 33. Qg6+ Kd5 34. f3) 29... Qd7 {Threatening ...Rxe5!} 30. Qxh6 $2 $40 {[%mdl 128] [#] White attacks.} (30. Bxe4 $6 Rf7 $11) (30. Be3 $18 Bxe3 31. e6) 30... Rf7 $2 {[%mdl 8192] [#]} (30... Rxe5 $1 $11 {[%mdl 512]} 31. Be3 (31. fxe5 Rxf2+) 31... Bxe3 32. fxe3 Ref5) 31. Bb3 $1 {[%csl Gg3][%cal Rh6g7][%mdl 512]} Kf8 32. Qh8+ ({Weaker is} 32. Qh7 Rxe5 33. Bxf7 (33. fxe5 Rxf2+ {[%mdl 64] Double Attack} 34. Kh1 Rf1+ {[%mdl 64] Double Attack} 35. Kh2 Rf2+ 36. Kh1 Rf1+ {[%mdl 64] Double Attack} 37. Kh2 Rf2+ 38. Kh1 $11) (33. Qh8+ Ke7 $14) 33... Qxf7 $16) 32... Ke7 33. Qh4+ Kf8 34. Qh8+ Ke7 35. Qh5 {White is clearly winning.} Kf8 36. Rg6 ({Less strong is} 36. Bxf7 Qxf7 37. Qh7 Rxe5 $16) 36... Rxe5 37. Qh8+ Ke7 38. Bxf7 ({Inferior is} 38. fxe5 Rxf2+ 39. Kg3 Rf3+ {[%mdl 64] Double Attack} 40. Kg2 Rf2+ {[%mdl 64] Double Attack} 41. Kg3 Rf3+ {[%mdl 64] Double Attack} 42. Kh2 (42. Kg2 Rf2+ $11 {[%mdl 64] Double Attack}) 42... Bxe5+ 43. Kg2 Rxb3 $11) 38... Rc5 39. Be6 {Accuracy: White = 63%, Black = 62%.} 1-0

[Event "Lindores Abbey Rapid Challenge"]
[Site "Online"]
[Date "2020.05.19"]
[Round "2"]
[White "Karjakin, Sergey"]
[Black "Yu, Yangyi"]
[Result "1-0"]
[WhiteElo "2709"]
[BlackElo "2738"]
[Annotator "TA"]
[PlyCount "83"]
[EventDate "2020.05.19"]
[EventType "tourn"]
[SourceTitle "playchess.com"]
[Source "ChessBase"]
[SourceQuality "1"]

{[%evp 11,83,5,14,4,19,9,10,0,14,0,9,9,6,7,21,4,24,14,10,2,12,0,0,0,3,4,4,0,45,43,67,75,61,53,76,71,74,78,108,113,123,106,195,185,191,201,257,250,319,318,368,366,444,436,793,773,809,786,949,937,951,937,1350,889,856,795,1167,1172,1136,1087,29981,29982,29998,29999]} 1. d4 d5 2. Nf3 Nf6 3. Bf4 g6 4. e3 Bg7 5. Nbd2 O-O 6. c3 b6 7. Be2 {D02: 1 d4 d5 2 Nf3 sidelines, including 2...Nf6 3 g3 and 2...Nf6 3 Bf4.} c5 8. O-O Bb7 9. b4 {The position is equal.} c4 10. Ne5 Nbd7 {[#]} 11. Bf3 $146 ({Predecessor:} 11. a4 Nxe5 12. Bxe5 a6 13. Ra2 Ne8 14. Bxg7 Kxg7 15. Bf3 Nd6 16. Qb1 f5 17. g3 {0-1 (68) Maksimovic,M (2178)-Andrijevic,M (2348) Belgrade 2011}) 11... Qc8 12. a4 Nxe5 13. Bxe5 Bh6 14. Qc2 Nd7 15. Bf4 Bg7 16. e4 e5 17. dxe5 Nxe5 18. Bxe5 ({Of course not} 18. exd5 Nxf3+ 19. Nxf3 Bxd5 $17) 18... Bxe5 19. exd5 Qc7 20. g3 $36 {[%mdl 2048] Black is under pressure.} Rac8 21. Rfd1 Rfd8 22. Nf1 h5 23. Ne3 {White stays focused until the end.} Qd6 24. Be2 Qf6 25. Rac1 h4 26. Bxc4 Bd6 (26... hxg3 $16 {was worth a try.} 27. fxg3 (27. hxg3 Qg5 $16) 27... Qg5) 27. Rd4 $18 hxg3 28. hxg3 ({Don't take} 28. fxg3 Qf3 $16) 28... Re8 29. Qd2 Qg5 30. Bb5 Red8 {[#]} 31. Bc6 $1 Bxc6 32. dxc6 Bxg3 (32... Bf8 $142 33. Rd7 Rxd7 34. Qxd7 Qd8 35. Qxd8 Rxd8) 33. fxg3 Qxg3+ 34. Ng2 Re8 35. b5 Qe5 36. Rd5 Qe7 37. Rd7 Qc5+ 38. Qf2 Qc4 39. Rf1 {[%cal Bc1f1,Bf1f6,Bf6g6][%mdl 32]} Rf8 40. Qd4 Qe6 41. Rf6 Qe2 {[#]} 42. Rxg6+ $1 {[%mdl 512] Accuracy: White = 93%, Black = 51%.} 1-0

[Event "Lindores Abbey Rapid Challenge"]
[Site "Online"]
[Date "2020.05.19"]
[Round "2"]
[White "Firouzja, Alireza"]
[Black "Ding, Liren"]
[Result "1/2-1/2"]
[WhiteElo "2703"]
[BlackElo "2836"]
[Annotator "TA"]
[PlyCount "132"]
[EventDate "2020.05.19"]
[EventType "tourn"]
[SourceTitle "playchess.com"]
[Source "ChessBase"]
[SourceQuality "1"]

{[%evp 9,132,15,23,13,18,20,17,0,6,0,0,0,0,-4,2,-6,0,-1,-12,-33,-29,-34,-35,-46,-33,-67,-70,-85,-54,-85,-89,-80,-83,-92,-85,-85,-81,-109,-111,-102,-99,-155,-152,-215,-206,-292,-246,-274,-197,-197,-200,-189,-200,-195,-196,-196,-196,-200,-192,-200,-200,-204,-196,-212,-212,-283,-283,-320,-320,-319,-312,-312,-312,-344,-344,-341,-333,-326,-304,-305,-285,-386,-381,-353,-316,-588,-566,-612,-589,-562,-577,-506,-464,-479,-472,-445,-425,-404,-347,-295,-207,-946,-785,-5548,-5758,-2297,-1773,-5085,-1458,-1230,-15,-80,0,0,0,0,0,0,0,0,0,0,0,0,0]} 1. e4 e5 2. Nf3 Nc6 3. Bb5 Nf6 4. d3 Bc5 5. Bxc6 dxc6 6. Nbd2 {C65: Ruy Lopez: Berlin Defence (3...Nf6), unusual lines and 4 0-0 Bc5.} (6. O-O Nd7 7. c3 h6 8. d4 Bd6 9. Nbd2 exd4 10. cxd4 O-O 11. h3 Nb6 12. Nb3 f5 13. e5 Be7 14. Qc2 f4 15. Nc5 {½-½ (47) Firouzja,A (2728)-Ding,L (2791) chess24.com INT 2020}) 6... Nd7 7. Nc4 f6 {is the new trend.} 8. Bd2 Nf8 {[#]} 9. b4 $146 ({Predecessor:} 9. Nh4 g6 10. Be3 Bxe3 11. Nxe3 Ne6 12. Qd2 Qe7 13. g3 b6 14. O-O-O Bb7 15. f4 exf4 16. gxf4 {½-½ (51) Nepomniachtchi,I (2751)-Dominguez Perez,L (2739) Saint Louis 2017}) 9... Be7 10. Nh4 g6 11. O-O Ne6 12. g3 O-O 13. Ng2 b6 14. Kh1 c5 15. a3 Bb7 16. Bh6 Rf7 17. c3 Qd7 18. Qe2 Rd8 19. Rad1 cxb4 20. axb4 c5 21. bxc5 Nxc5 22. f3 Nxd3 23. Nb2 {[%cal Rd1d3]} Qh3 $36 {[%mdl 2048] Strongly threatening ...Nxb2. Keeping White busy.} 24. Nxd3 {Threatens to win with Bc1.} Qxh6 25. Qa2 (25. Ne3 $142) 25... a5 $17 26. Nb2 (26. Rfe1 $17 {keeps fighting.}) 26... Qf8 27. Qe6 (27. Ne3 $142) 27... Bc5 28. Na4 Bc8 29. Qc4 Rxd1 30. Rxd1 Kg7 31. Nxc5 Qxc5 ({But not} 31... bxc5 32. Ne3 $15) 32. Qxc5 bxc5 $19 {[%mdl 4096] Endgame KRB-KRN} 33. Ra1 Ra7 34. Ne3 Be6 35. Kg1 a4 36. Ra3 f5 37. Kf2 f4 38. Nd1 Bb3 39. Ke1 Bxd1 40. Kxd1 {KR-KR} c4 41. g4 g5 42. Kc2 Ra6 43. Kb1 Rb6+ 44. Kc2 {[#]} Rh6 $1 45. Rxa4 Rxh2+ 46. Kd1 Rf2 47. Ra7+ $2 (47. Rxc4 Rxf3 48. Rc7+ Kg6 49. Rc6+ Kf7 50. Kd2) 47... Kg6 48. Ra6+ Kf7 49. Ra7+ Ke6 50. Ra6+ Kd7 51. Ra7+ Kc6 52. Ra6+ {[#]} Kb5 $1 53. Re6 Ka4 54. Rxe5 h6 ({Weaker is} 54... Rxf3 55. Rxg5 Kb3 56. Rh5 $17) 55. Re6 $2 (55. Rc5) 55... Kb3 56. Rxh6 Rxf3 57. Rg6 Rd3+ 58. Ke2 Kxc3 (58... Rxc3 $142 59. Rxg5 Re3+ {[%mdl 64] Double Attack} 60. Kd1 f3 61. Rb5+ Kc3) 59. Rxg5 Re3+ $2 (59... f3+ $19 60. Kf2 Kd4) 60. Kf2 $11 Rxe4 (60... Kd4 $17 {White must now prevent ...c3.} 61. Rg8 c3) 61. Rg8 {The position is equal.} Kd3 (61... Re3 $5 62. g5 $8 Rg3 $17) 62. g5 c3 {( -> ...c2)} 63. Rd8+ Kc2 64. Kf3 Re7 65. Kxf4 Rg7 66. Rc8 Kb2 {Whites escaped into a draw. Accuracy: White = 60%, Black = 83%.} 1/2-1/2

[Event "Lindores Abbey Rapid Challenge"]
[Site "Online"]
[Date "2020.05.19"]
[Round "3"]
[White "Ding, Liren"]
[Black "Carlsen, Magnus"]
[Result "1/2-1/2"]
[WhiteElo "2836"]
[BlackElo "2881"]
[Annotator "TA"]
[PlyCount "95"]
[EventDate "2020.05.19"]
[EventType "tourn"]
[SourceTitle "playchess.com"]
[Source "ChessBase"]
[SourceQuality "1"]

{[%evp 11,95,14,29,29,19,17,15,-43,39,43,37,37,41,48,54,33,51,48,63,0,27,29,24,32,37,17,21,20,51,8,6,8,3,8,12,8,11,5,9,0,0,0,10,0,28,-9,0,0,64,0,54,42,52,51,44,33,41,8,15,0,48,54,42,43,28,9,10,10,11,0,0,0,0,0,0,0,0,0,0,0,0,0,0,0,0,0]} 1. d4 Nf6 2. c4 e6 3. g3 d5 4. Bg2 Bb4+ 5. Bd2 (5. Nd2 O-O 6. Ngf3 b6 7. O-O Bb7 8. b3 c5 9. Bb2 Nbd7 10. a3 Bxd2 11. Nxd2 cxd4 12. Bxd4 Rc8 13. b4 Qe7 14. Rc1 Rfd8 15. Qb3 dxc4 16. Nxc4 Bxg2 17. Kxg2 {0-1 (55) Ding,L (2777)-Carlsen,M (2837) Riadh 2017}) 5... a5 6. Nf3 dxc4 7. Qc2 {E04: Open Catalan: 5 Nf3.} b6 8. Ne5 Ra7 {[#]} 9. O-O $146 ({Don't play} 9. Qxc4 Ba6 $15) (9. Bxb4 $11 axb4 10. Qxc4) ({Predecessor:} 9. Bxb4 axb4 10. Qxc4 Qd6 11. Nd3 Ba6 12. Qxb4 Bxd3 13. Qxd6 cxd6 14. exd3 d5 15. Nd2 {1-0 (25) Rozum,I (2573)-Khismatullin,D (2639) Sochi 2017}) 9... Bxd2 (9... Qxd4 $15 10. Bf4 Bd6) 10. Qxd2 $14 Bb7 11. Bxb7 Rxb7 12. Nxc4 Nc6 13. Rd1 O-O 14. Nc3 Qa8 15. d5 (15. Qf4 $14) 15... exd5 16. Nxd5 Nxd5 17. Qxd5 Rbb8 18. Rac1 Rfd8 19. Qe4 Nb4 20. Rxd8+ (20. Qe7 {with more complications.} Nd5 21. Qe5 h6 22. a3 Rbc8 23. Qe4) 20... Rxd8 21. Qxa8 Rxa8 {[%mdl 4096] Endgame KRN-KRN} 22. a3 Na6 23. Rd1 Nc5 24. f3 a4 25. Kf2 f6 26. g4 Kf7 27. h4 Ke6 28. h5 g6 29. Ne3 gxh5 (29... Rb8 $11) 30. gxh5 ({White should try} 30. Nd5 $14 Ra7 31. Nf4+ (31. gxh5 Rb7 $14) 31... Ke7 32. Nxh5 (32. gxh5 c6 $11)) 30... Rg8 (30... Ra5 $11) 31. Nd5 Rg7 32. Nf4+ $1 Ke7 33. h6 Rf7 34. Nd5+ Ke6 35. Nf4+ Ke7 $1 36. e4 c6 37. Ke3 Nd7 38. Ne2 {Hoping for Nd4.} f5 $1 {The position is equal.} 39. Nd4 fxe4 40. fxe4 Ne5 41. Nf5+ Kf6 42. Rd6+ Kg5 43. Kd4 Kf4 44. Ng7 Nf3+ 45. Kc3 Ne5 46. Kd4 Nf3+ 47. Kc3 Ne5 48. Kd4 {Accuracy: White = 84%, Black = 81%.} 1/2-1/2

[Event "Lindores Abbey Rapid Challenge"]
[Site "Online"]
[Date "2020.05.19"]
[Round "3"]
[White "Nakamura, Hikaru"]
[Black "Firouzja, Alireza"]
[Result "1-0"]
[WhiteElo "2829"]
[BlackElo "2703"]
[Annotator "TA"]
[PlyCount "41"]
[EventDate "2020.05.19"]
[EventType "tourn"]
[SourceTitle "playchess.com"]
[Source "ChessBase"]
[SourceQuality "1"]

{[%evp 17,41,-7,14,26,17,12,28,28,18,13,28,16,53,27,112,119,108,75,231,249,278,260,509,458,29994,29995]} 1. d4 Nf6 2. Nf3 d5 3. e3 e6 4. b3 Be7 5. Bb2 O-O 6. Bd3 b6 7. O-O Bb7 8. Nbd2 c5 9. a3 Nc6 10. dxc5 {D05: Colle System with ...e6.} bxc5 11. c4 a5 12. cxd5 {White has an edge.} exd5 13. Qc2 a4 {[#]} 14. Rad1 $146 ({Predecessor:} 14. bxa4 c4 15. Bf5 g6 16. Bh3 Qa5 17. Bc3 Qa6 18. Qb2 Ne8 19. Rab1 Nd6 20. Bg7 Rfb8 21. Bh6 Bf8 22. Bxf8 Rxf8 23. Qf6 Rad8 {Litvinov,A (2025)-Ibanez Salazar,V (1958) ICCF email 2017}) 14... axb3 15. Nxb3 Qb6 (15... c4 $11 16. Bxc4 {[%mdl 64] Pin} Bxa3) 16. Bxf6 $1 $16 gxf6 17. Bxh7+ Kh8 $2 {[#] This costs Black the game.} (17... Kg7 $16) 18. Nh4 $1 $18 Ne5 19. Nf5 Rxa3 $2 (19... Qe6 {might work better.} 20. f4 (20. Nxe7 Qxe7 21. Qxc5 Qxc5 $16) 20... Ng6) 20. Qe2 {White wants to mate with Qh5.} Ra4 ({And not} 20... Qxb3 21. Qh5 Qxd1 22. Rxd1 Rd8 23. Bg6+ {[%mdl 64] Discovered Attack} Kg8 24. Qh7+ Kf8 25. Qh8#) (20... Rg8 $18 21. Bxg8 Qe6) 21. Qh5 {Accuracy: White = 90%, Black = 25%.} 1-0

[Event "Lindores Abbey Rapid Challenge"]
[Site "Online"]
[Date "2020.05.19"]
[Round "3"]
[White "Aronian, Levon"]
[Black "Grischuk, Alexander"]
[Result "1/2-1/2"]
[WhiteElo "2778"]
[BlackElo "2784"]
[Annotator "TA"]
[PlyCount "103"]
[EventDate "2020.05.19"]
[EventType "tourn"]
[SourceTitle "playchess.com"]
[Source "ChessBase"]
[SourceQuality "1"]

{[%evp 9,103,0,16,3,16,22,23,0,0,-4,4,-10,0,0,0,0,6,-7,0,-10,12,-15,-21,-21,-12,-30,-33,-32,-29,-29,0,0,0,-38,-31,-33,-24,-66,-63,-85,-80,-128,-132,-132,-134,-133,-132,-133,-131,-131,-133,-137,-97,-151,-138,-120,-130,-156,-38,-50,-31,-31,-34,-41,-31,-30,-33,-162,-8,-21,-8,-8,-8,-8,0,0,0,0,0,0,0,0,0,0,0,0,0,0,0,0,0,0,0,0,0,0]} 1. d4 Nf6 2. Nf3 d5 3. e3 c5 4. Nbd2 cxd4 5. exd4 Bf5 6. c3 {D04: Colle System.} e6 {[#]} 7. Nh4 $146 ({Predecessor:} 7. Ne5 Nbd7 8. g4 Be4 9. Nxe4 dxe4 10. Qb3 Qb6 11. Bb5 a6 12. Nxd7 Qxb5 13. Nxf6+ gxf6 14. Qxb5+ axb5 {½-½ (32) Khurtsilava,I (2233)-Nikolova,A (2303) Konya 2014}) 7... Bg4 8. Be2 {White has an edge.} (8. Ndf3 {with more complications.} Bh5 9. h3 Be7 10. Bd3 Nc6 11. Qb3) 8... Bxe2 9. Qxe2 Qc7 10. Nb3 Nbd7 11. g3 Be7 12. Bf4 Qb6 13. O-O a5 14. Nc1 Qa6 15. Qxa6 Rxa6 16. a4 Ne4 17. Ng2 g5 18. Be3 h5 19. Nd3 h4 20. f3 Nd6 21. Bf2 Nc4 $36 {[%mdl 2048] Black is pushing.} 22. Rfd1 Rb6 23. Ra2 hxg3 24. hxg3 Bd6 25. Ne3 {[#]} Bxg3 $1 {[%mdl 512]} 26. Nxc4 (26. Bxg3 Nxe3) 26... Bxf2+ ({Don't play} 26... dxc4 $6 27. Bxg3 cxd3 28. Rxd3 $11) 27. Nxf2 dxc4 28. Ng4 Ke7 29. Ne3 Rc6 30. Ra3 Nf6 31. b3 ({White should play} 31. d5 Rc5 32. dxe6) 31... Nd5 $17 32. Nxd5+ exd5 33. bxc4 Rxc4 {[%mdl 4096] Endgame KRR-KRR} (33... dxc4 $17 {...Rch6 is the strong threat.} 34. Re1+ Re6) 34. Rb1 $15 Rhc8 35. Rxb7+ Ke6 36. Ra2 f6 37. Re2+ Kf5 38. Rb5 {[#]} ({Only move:} 38. Rd7 $15) 38... Rxc3 $2 (38... Rd8 $1 $19 39. Kg2 Rxc3) 39. Rxd5+ $11 {The position is equal.} Kf4 40. Rxa5 Rxf3 {Threatening ...Rc1+.} 41. Rc5 Rxc5 42. dxc5 {Black must now prevent Rc2. KR-KR} Rc3 43. a5 Rxc5 (43... Rg3+ {feels hotter.} 44. Kf1 Ra3 45. c6 Rxa5 46. Rc2 Ra8) 44. Ra2 Rc7 45. a6 Ra7 46. Kg2 Ke5 47. Kf3 Kd5 48. Kg4 Kc5 49. Kf5 Kb5 50. Kxf6 Rxa6+ 51. Rxa6 Kxa6 52. Kxg5 {Accuracy: White = 79%, Black = 83%.} 1/2-1/2

[Event "Lindores Abbey Rapid Challenge"]
[Site "Online"]
[Date "2020.05.19"]
[Round "3"]
[White "Duda, Jan-Krzysztof"]
[Black "So, Wesley"]
[Result "1/2-1/2"]
[WhiteElo "2774"]
[BlackElo "2741"]
[Annotator "TA"]
[PlyCount "121"]
[EventDate "2020.05.19"]
[EventType "tourn"]
[SourceTitle "playchess.com"]
[Source "ChessBase"]
[SourceQuality "1"]

{[%evp 12,121,18,12,22,19,28,24,11,14,18,2,25,30,35,17,17,20,21,0,8,0,0,0,0,-22,-16,-19,-14,-15,-15,-15,-15,-15,-12,-8,-1,-4,0,-35,0,0,4,0,11,-10,-15,-65,-70,-76,-72,-75,-69,-69,-70,-71,-18,-21,-10,-14,-18,-16,-12,-12,-14,-26,-41,-93,-93,-86,-54,-152,-108,-91,-112,-131,-129,-212,-212,-256,-249,-232,-12,-10,-11,-14,0,0,0,0,23,25,20,10,10,11,15,0,0,0,5,0,0,-5,-6,-4,-6,-6,-5,-5,0,-8]} 1. e4 e5 2. Nf3 Nc6 3. Bc4 Bc5 4. O-O Nf6 5. d3 O-O 6. Bg5 h6 7. Bh4 Be7 {seems to push 7...d6 aside. C50: Hungarian Defence and Giuoco Pianissimo.} 8. Bg3 d6 9. a4 Na5 {White has an edge.} 10. Ba2 c5 11. h3 Nc6 12. c3 {[#]} Be6 $146 ({Predecessor:} 12... Bd7 13. Na3 Qc7 14. Re1 Rae8 15. Rc1 Qb8 16. Nc2 Bd8 17. Nh4 Kh7 18. d4 cxd4 19. cxd4 {½-½ (46) Bruedigam,M (2394)-Jahncke,G (2359) Germany 2019}) 13. Bxe6 fxe6 14. Na3 Qe8 15. Rb1 Nh5 16. Bh2 Nf4 17. Bxf4 Rxf4 18. b4 cxb4 19. cxb4 d5 20. b5 dxe4 21. dxe4 Rd8 22. Qb3 Nd4 23. Nxd4 exd4 24. Nc4 Rxe4 25. Qf3 Qg6 26. Nd2 Rh4 27. Qxb7 {[%mdl 64] Double Attack} Bd6 28. Kh1 Qf5 29. Rb3 d3 $1 {( -> ...Rxh3+!)} 30. Qf3 Qe5 {[%csl Gd6][%cal Re5h2]} 31. g3 Rf8 32. Qg2 Rxa4 {And now ...Qe2 would win.} 33. Rxd3 Bb4 (33... Bc7 $17) 34. Qe4 $11 Qxb5 35. Qxe6+ Kh8 36. Rd5 Qa6 $36 {[%mdl 2048] Black has some pressure.} 37. Qxa6 Rxa6 38. Nc4 Ra2 39. Kg1 ({Better is} 39. Ne5 $15 Rfxf2 40. Rxf2 Rxf2 41. Nd3 Rf1+ 42. Kg2) 39... a5 $17 40. Ne5 {Ng6+ is the strong threat.} Kh7 41. Nc6 (41. Nd3 $1 $15) 41... Bc3 42. Rc5 Bd2 $1 43. Nd4 {[#]} a4 $1 44. Rc7 (44. Rd1 $17) 44... Ba5 $19 45. Rb7 {Now Ne6 and White clings on.} Rf6 46. g4 {[#]} Rb6 $2 (46... Bc3 $1 $19 {[%cal Rc3d4]} 47. Nf5 Ra6) 47. Ra7 $11 Bc3 48. Nf5 $1 Bf6 49. Rd1 a3 50. Rd3 Ra1+ 51. Kg2 a2 52. Rda3 {The position is equal.} Rb2 {[#]} 53. R3a6 $1 {[%mdl 512] White wants to mate with Rxf6.} Kh8 54. Ra8+ Kh7 {[#]} 55. R8a7 $1 {[%mdl 512] White threatens Rxf6 and mate.} Kh8 56. h4 Rb4 57. Nxh6 {Strongly threatening g5.} Rab1 ({Of course not} 57... Bxh4 $6 58. Ra8+ Kh7 59. Nf7 $16) 58. Nf7+ Kg8 59. Rxa2 {Threatens to win with g5.} Rxg4+ {[%mdl 64] Double Attack} 60. Kf3 Rxh4 61. Nd6 {Accuracy: White = 82%, Black = 88%.} 1/2-1/2

[Event "Lindores Abbey Rapid Challenge"]
[Site "Online"]
[Date "2020.05.19"]
[Round "3"]
[White "Wei, Yi"]
[Black "Karjakin, Sergey"]
[Result "0-1"]
[WhiteElo "2752"]
[BlackElo "2709"]
[Annotator "TA"]
[PlyCount "82"]
[EventDate "2020.05.19"]
[EventType "tourn"]
[SourceTitle "playchess.com"]
[Source "ChessBase"]
[SourceQuality "1"]

{[%evp 18,81,22,0,25,7,19,9,28,12,22,0,6,0,0,0,0,-20,10,0,0,10,16,0,27,19,26,-20,58,35,47,47,41,45,48,47,63,41,91,116,125,58,49,44,46,45,56,45,65,51,97,60,60,50,43,10,46,49,67,67,67,68,68,0,68,-29999]} 1. e4 e5 2. Nf3 Nc6 3. Bb5 Nf6 4. O-O Nxe4 5. d4 Nd6 6. Bxc6 dxc6 7. dxe5 Nf5 8. Qxd8+ Kxd8 9. Nc3 Ke8 10. h3 h5 {C67: Ruy Lopez: Berlin Defence: 4 0-0 Nxe4.} 11. Bf4 Be7 12. Rad1 Be6 {The position is equal.} 13. Ng5 Rh6 14. Rfe1 Bb4 15. a3 {is cutting edge theory.} Bxc3 16. bxc3 h4 17. Kh2 Kf8 {[#]} 18. Re4 $146 ({Predecessor:} 18. Rb1 b6 19. Rb4 Re8 20. Ra4 a5 21. Bd2 c5 22. Rf4 Rh5 23. Rf3 Kg8 24. Bc1 {½-½ (40) Nepomniachtchi,I (2774)-Grischuk,A (2777) Ekaterinburg 2020}) 18... Bd5 19. Ra4 Rg6 20. Bc1 b5 21. Ra6 Re8 22. a4 bxa4 (22... Rxe5 $11 23. axb5 Nd6) 23. Rxa4 (23. c4 {with more complications.} Bxc4 24. Rxa4 Bb5 25. Rxa7 f6 26. exf6 gxf6 27. Nf3) 23... f6 24. exf6 gxf6 25. c4 Bxg2 $1 26. Kxg2 fxg5 27. Rxa7 Rg7 28. Ra5 Rf7 29. Rd3 ({White should play} 29. Bxg5 $16 Re2 30. Rd2) 29... Re2 $14 30. Rf3 Nd6 $1 31. Bxg5 Rxf3 32. Kxf3 Rxc2 {[%mdl 4096] Endgame KRB-KRN} 33. c5 Nc4 34. Ra8+ Kf7 35. Bf4 Nb2 36. Be3 {Threatening Ra2.} Nd3 37. Rc8 Ke6 38. Rxc7 Kf5 {[%cal Rd3e1]} 39. Rf7+ Kg6 40. Rc7 Kf5 {[%cal Rd3e1]} 41. Rh7 $2 {[%mdl 8192] [#]} (41. Kg2 $14) 41... Ne1# {Accuracy: White = 73%, Black = 74%.} 0-1

[Event "Lindores Abbey Rapid Challenge"]
[Site "Online"]
[Date "2020.05.19"]
[Round "3"]
[White "Yu, Yangyi"]
[Black "Dubov, Daniil"]
[Result "1-0"]
[WhiteElo "2738"]
[BlackElo "2770"]
[Annotator "TA"]
[PlyCount "101"]
[EventDate "2020.05.19"]
[EventType "tourn"]
[SourceTitle "playchess.com"]
[Source "ChessBase"]
[SourceQuality "1"]

{[%evp 12,101,35,22,39,39,34,35,27,17,27,37,20,25,42,40,54,4,30,23,93,110,124,70,66,70,97,86,79,73,108,94,93,55,58,53,80,65,70,70,87,81,139,122,158,162,335,316,365,199,310,320,338,351,337,329,349,348,341,340,322,304,279,270,264,196,264,257,345,336,391,360,369,356,388,369,353,344,552,543,635,635,1091,1091,926,621,895,862,29975,29976,29977,29978]} 1. d4 Nf6 2. c4 e6 3. Nc3 d5 4. cxd5 exd5 5. Bg5 Bb4 6. e3 h6 7. Bh4 g5 {D35: Queen's Gambit Declined: Exchange Variation.} 8. Bg3 Ne4 9. a3 $5 {[%mdl 4] Exploring less charted territory.} Bxc3+ {White is slightly better.} 10. bxc3 {[#]} h5 $146 ({Predecessor:} 10... Nc6 11. Bd3 Bf5 12. Ne2 Qe7 13. O-O h5 14. h3 O-O-O 15. Bh2 g4 16. h4 Qxh4 {½-½ (64) Morrow,W (2510)-Tonisson,P (2401) ICCF email 2016}) 11. f3 Nxg3 (11... Nxc3 $2 12. Qc2 $18) 12. hxg3 Qd6 13. g4 h4 14. Bd3 Nc6 15. Nh3 Qg3+ (15... Bd7 $11 {keeps the balance.}) 16. Kf1 $16 Rg8 17. Qb3 (17. e4 $16) 17... Qd6 $14 18. c4 dxc4 19. Bxc4 Qe7 20. Nf2 Kf8 21. Qc3 Bd7 22. e4 Rd8 23. Rd1 b6 24. Kg1 Na5 25. Ba2 {Black is now going downhill.} Ba4 26. Rd2 c5 {[#]} (26... Rg6 $142) 27. d5 $1 $16 c4 {[#]} 28. e5 $1 (28. Bxc4 $2 Rc8 $19) 28... Re8 $2 (28... Qc5 {was necessary.}) 29. Ne4 $18 Rg6 30. Kf2 (30. f4 $142) 30... Nb7 (30... Bd7 $142) 31. d6 (31. Bxc4 Qxe5 32. Qxe5 Rxe5 $14) 31... Qxe5 32. d7 ({Inferior is} 32. Bxc4 Qxc3 33. Nxc3 Rxd6 $17) (32. Qxc4 Qf4 $15) 32... Bxd7 {And now ...Bc6 would win.} 33. Qxe5 ({Resist} 33. Rxd7 $6 Qxc3 34. Nxc3 Rd6 $18) 33... Rxe5 34. Rxd7 Nc5 35. Nxc5 (35. Rxa7 Nxe4+ 36. fxe4 Rxe4 $14) 35... Rxc5 36. Rc1 b5 37. Bb1 Ra6 38. Rc3 Ke8 (38... Re6 $142 39. Re3 (39. Rxa7 Rd5 $18) 39... a5 40. Rxe6 fxe6) 39. Rb7 Rd5 40. Ke3 Re6+ 41. Be4 a6 {[#]} 42. a4 $1 Kf8 (42... bxa4 43. Rxc4) 43. Ra3 bxa4 44. Rxa4 c3 $2 (44... Rd3+ 45. Kf2 Rd2+ 46. Kg1 c3) 45. Rc4 Rd2 46. Rxc3 Rxg2 47. Rcc7 Rf6 48. Rb8+ Kg7 49. Rc5 Rh6 50. Rxg5+ Kf6 51. Kf4 {Accuracy: White = 81%, Black = 51%.} 1-0